Formes baroques au théatre

Gespeichert in:
Bibliographische Detailangaben
1. Verfasser: Brunel, Pierre
Format: Buch
Sprache:Undetermined
Veröffentlicht: París, Francia Klincksieck 1996
Schlagworte:
Tags: Tag hinzufügen
Keine Tags, Fügen Sie den ersten Tag hinzu!

MARC

LEADER 00000nam a2200000Ia 4500
008 170316s9999 xx 000 0 und d
040 |a cru BVZT 
090 |a 792 B-7f 
100 |a Brunel, Pierre 
245 |a Formes baroques au théatre 
260 |a París, Francia 
260 |b Klincksieck 
260 |c 1996 
300 |a 159 páginas 
650 |a TEATRO 
999 |c 4312  |d 4312 
942 |c 15 D  |h 792 B-7f  |2 z